|
|
|
|
| LEADER |
02408nam a2200565 i 4500 |
| 001 |
nkc20183048141 |
| 003 |
CZ PrNK |
| 005 |
20181205093237.0 |
| 007 |
ta |
| 008 |
181029s2018 xr abche p 000 0 cze |
| 015 |
|
|
|a cnb003048141
|
| 020 |
|
|
|a 978-80-88057-53-6
|q (vázáno)
|
| 035 |
|
|
|a (OCoLC)1078645168
|
| 040 |
|
|
|a BOA001
|b cze
|d ABA001
|e rda
|
| 043 |
|
|
|a e-xr---
|
| 072 |
|
7 |
|a 34
|x Právo
|2 Konspekt
|9 16
|
| 072 |
|
7 |
|a 37.016
|x Učební osnovy. Vyučovací předměty. Učebnice
|2 Konspekt
|9 22
|
| 080 |
|
|
|a 342
|2 MRF
|
| 080 |
|
|
|a 347
|2 MRF
|
| 080 |
|
|
|a (437.3)
|2 MRF
|
| 080 |
|
|
|a (075.3)
|2 MRF
|
| 080 |
|
|
|a (075.8)
|2 MRF
|
| 100 |
1 |
|
|a Malast, Jan,
|d 1980-
|7 xx0074621
|4 aut
|
| 245 |
1 |
0 |
|a Průvodce světem práva /
|c Jan Malast, Karel Svoboda a kolektiv ; ilustroval Zdeněk Hofman
|
| 250 |
|
|
|a Vydání druhé, aktualizované a rozšířené
|
| 264 |
|
1 |
|a Praha :
|b Eduko,
|c 2018
|
| 300 |
|
|
|a 449 stran :
|b ilustrace (převážně barevné), mapy, portréty, faksimile ;
|c 21 x 24 cm
|
| 336 |
|
|
|a text
|b txt
|2 rdacontent
|
| 337 |
|
|
|a bez média
|b n
|2 rdamedia
|
| 338 |
|
|
|a svazek
|b nc
|2 rdacarrier
|
| 500 |
|
|
|a V učebnici uveden aktivační kód ke stažení elektronické verze
|
| 505 |
0 |
0 |
|g první část.
|t Právo veřejné /
|r Jan Malast a kolektiv --
|g druhá část.
|t Právo soukromé /
|r Karel Svoboda a kolektiv
|
| 521 |
8 |
|
|a Pro střední školy s rozšířenou výukou práva, vyšší odborné školy, širokou veřejnost
|
| 650 |
0 |
7 |
|a veřejné právo
|7 ph116572
|z Česko
|2 czenas
|
| 650 |
0 |
7 |
|a soukromé právo
|7 ph116221
|z Česko
|2 czenas
|
| 650 |
0 |
9 |
|a public law
|z Czechia
|2 eczenas
|
| 650 |
0 |
9 |
|a private law
|z Czechia
|2 eczenas
|
| 655 |
|
7 |
|a učebnice středních škol
|7 fd133771
|2 czenas
|
| 655 |
|
7 |
|a učebnice vyšších odborných škol
|7 fd133139
|2 czenas
|
| 655 |
|
9 |
|a textbooks (secondary)
|2 eczenas
|
| 655 |
|
9 |
|a textbooks (postsecondary)
|2 eczenas
|
| 700 |
1 |
|
|a Svoboda, Karel,
|d 1973-
|7 mzk2009502558
|4 aut
|
| 700 |
1 |
|
|a Hofman, Zdeněk,
|d 1962-
|7 xx0048765
|4 ill
|
| 856 |
4 |
2 |
|3 On-line verze učebnice ke stažení na
|u http://www.eduko.cz/cz/ebook
|4 N
|
| 910 |
2 |
|
|a BOA001
|b 2-1416.427
|
| 990 |
|
|
|a BK
|
| 995 |
|
|
|a 01
|
| 991 |
|
|
|b 201811
|c NOV
|
| 996 |
6 |
|
|b 2610759259
|c 2-1416.427
|l MZK
|r Sklad / do 1 hodiny
|n 0
|p p.v.
|w 001692500
|u 000010
|a 1
|e BOA001
|j MZK50
|s P
|
| 996 |
7 |
|
|b 2610764159
|c 2-1416.427
|l MZK
|r Sklad / do 1 hodiny
|n 1
|p kup
|w 001692500
|u 000020
|a 1
|e BOA001
|j MZK50
|s A
|